The lok sabha election in india : (Record no. 124351)

MARC details
000 -LEADER
fixed length control field 00688nam a22002297a 4500
005 - DATE AND TIME OF LATEST TRANSACTION
control field 20170124105938.0
010 ## - LIBRARY OF CONGRESS CONTROL NUMBER
LC control number 880401
020 ## - INTERNATIONAL STANDARD BOOK NUMBER
Terms of availability 00.00
035 ## - SYSTEM CONTROL NUMBER
System control number 880401
037 ## - SOURCE OF ACQUISITION
Source of stock number/acquisition Cen Lib/Ret
040 ## - CATALOGING SOURCE
Original cataloging agency DPL
Language of cataloging EN
082 ## - DEWEY DECIMAL CLASSIFICATION NUMBER
Classification number 324.54
Item number ARO
100 ## - MAIN ENTRY--PERSONAL NAME
Personal name Arora, N.D.
9 (RLIN) 10456
245 ## - TITLE STATEMENT
Title The lok sabha election in india :
Statement of responsibility, etc by N.D. Arora
Remainder of title a study in statistics /
260 ## - PUBLICATION, DISTRIBUTION, ETC. (IMPRINT)
Place of publication, distribution, etc New Delhi
Name of publisher, distributor, etc Pregatee Prakashan
Date of publication, distribution, etc 1977
270 ## - ADDRESS
City New Delhi
Address 41, hakikat nagar
Postal code 110009
300 ## - PHYSICAL DESCRIPTION
Extent vi, 198p.
Dimensions 21cm(Hb)
500 ## - GENERAL NOTE
General note Includes index
650 ## - SUBJECT ADDED ENTRY--TOPICAL TERM
Topical term or geographic name as entry element Political parties
9 (RLIN) 1274
650 ## - SUBJECT ADDED ENTRY--TOPICAL TERM
Topical term or geographic name as entry element Lok sabha election
Geographic subdivision India
9 (RLIN) 10457
942 ## - ADDED ENTRY ELEMENTS (KOHA)
Source of classification or shelving scheme Dewey Decimal Classification
Koha item type English Books
Classification part 324.54
Call number suffix ARO
Holdings
Withdrawn status Lost status Damaged status Not for loan Home library Current library Date acquired Source of acquisition Cost, normal purchase price Total Checkouts Full call number Barcode Date last seen Copy number Cost, replacement price Price effective from Koha item type Public note
Written off       Central Library Central Library 16/06/2015 Cen Lib/Ret 0.00   324.54 ARO 880401 16/06/2015 1 0.00 16/06/2015 English Books W/d List No. 6888/8 ; dtd 09/09/2020

© Delhi Public Library
Hit Counter
free hit counter